| 000 | 00435nam a22001457a 4500 | ||
|---|---|---|---|
| 008 | 141003b xxu||||| |||| 00| 0 eng d | ||
| 050 | _aHN40.H5 R34 | ||
| 100 |
_aRadhakrishnan, S. _912066 |
||
| 245 |
_aReligion and Society _cS. Radhakrishnan |
||
| 260 |
_aLondon _bGeorge Allen and Unwin ltd. _c1948 |
||
| 300 |
_a248p. ; _c22cm. |
||
| 650 |
_aHinduism _912067 |
||
| 650 |
_aHinduism _xsocial problems _912068 |
||
| 942 |
_2lcc _cMONOGRAPH |
||
| 999 |
_c121085 _d121085 |
||